000 00872pab a2200169 454500
008 180718b1999 xxu||||| |||| 00| 0 eng d
100 _aRaghuram, Shobha
245 _aThe state and civil society: meeting health needs, reaching equity
260 _c1999
300 _ap.54-58
362 _aDec
520 _aShobha Raghuram and Manashi Ray examine the health standards for the poor in India within the broader context of human development concerns during the last decade, with special emphasis on the role of the state and its commitment towards achieving `health for all'. They discuss the response of civil society in issues of public health and in monitoring the accountability of the state, underscoring the need for reforms in the state services. - Reproduced
650 _aHealth services
700 _aRay, Manashi
773 _aDevelopment
909 _a43786
999 _c43786
_d43786